| 000 | 00387nam a2200145Ia 4500 | ||
|---|---|---|---|
| 008 | 230917s9999||||xx |||||||||||||| ||und|| | ||
| 040 |
_e188642 _aMAIN |
||
| 041 | _aEnglish | ||
| 082 | _a570.0151 D41M | ||
| 100 | _aDem Berg, Hugo Van | ||
| 245 | 0 | _aMethematical models of Biological systems | |
| 260 |
_aOxford _bOxford University Press _c2011 |
||
| 300 | _axiv, 236 p. | ||
| 942 | _cBK | ||
| 999 |
_c158556 _d158556 |
||